America: A Narrative history (Бичлэгийн дугаар. 145432)
| 000 -УДИРДЛАГА | |
|---|---|
| Удирдлага | 00852 a2200289 4500 |
| 003 - ХЯНАЛТЫН ТОО ТОДОРХОЙЛОГЧ | |
| Код | MN-UlNUM |
| 005 - БИЧИЛТ ХИЙСЭН ОГНОО | |
| Тухайн бичилтийг бичсэн засварласан сүүлийн огноо | 20251107155618.0 |
| 008 - ЕРӨНХИЙ МЭДЭЭЛЭЛ | |
| Ерөнхий мэдээлэл | 110605s2004 mp ab 001 | eng d |
| 020 ## - ISBN | |
| ISBN | 0393978125 |
| -- | 0393924270 |
| 040 ## - БИЧЛЭГ ҮҮСГЭГЧ БАЙГУУЛЛАГА | |
| Бичлэг үүсгэгч номын сангийн код | МУИС-ийн номын сан |
| 084 ## - ББК АНГИЛАЛ | |
| ББК ангилал | 63.3(7USA) |
| Зохиогчийн гурван тэмдэгт | T 59 |
| Нэмэлт тусгалт | Сурах бичиг |
| Мэдлэгийн ялгаа | 63 - Түүх |
| 100 1# - ЗОХИОГЧ | |
| Зохиогчийн нэр | Tindall, George Brown |
| 245 10 - ҮНДСЭН ГАРЧИГ | |
| Номын нэр | America: A Narrative history |
| Ботийн дугаар | Volume 2 |
| 250 ## - ДАХИН ХЭВЛЭЛТ | |
| Дахин гаралтын дугаар | 6th edition |
| 260 ## - ГАРАЛТЫН МЭДЭЭ | |
| Хэвлэгдсэн газар | New York |
| Хэвлэлийн газар | Norton |
| Хэвлэгдсэн он | 2004 |
| 300 ## - МАТЕРИАЛЫН ТОДОРХОЙЛОЛТ | |
| хуудасны тоо | xiii-xv, 713-1512, A1-151 |
| Бусад тоон мэдээлэл | ill., maps (some col.) |
| Хэмжээ | 24 cm |
| 490 ## - БОТЬ / ЦУВРАЛЫН ТУХАЙ МЭДЭЭ | |
| Боть / цувралын зохиогч | America : a narrative history |
| Боть / цувралын дугаар | Volume 2 |
| 500 ## - Тайлбар | |
| Дансны дугаар | ОУХНУС 1500-1501 |
| 546 ## - ХЭЛНИЙ ТУХАЙ МЭДЭЭ | |
| Хэл | Англи хэл дээр, |
| 653 ## - Түлхүүр үг | |
| Түлхүүр үг | history |
| 653 ## - Түлхүүр үг | |
| Түлхүүр үг | United States history |
| 653 ## - Түлхүүр үг | |
| Түлхүүр үг | textbooks |
| 700 10 - ХАМ ЗОХИОГЧИД | |
| Ба бус | Shi, David Emory |
| 942 ## - ЭЛЕМЕНТИЙН ТӨРӨЛ | |
| Зүйлийн төрөл | Ном |
